000 01078cam a22002771 4500
001 gs 28000360
003 DLC
005 20260227111333.0
008 750707s1928 xx 000 0 eng
010 _ags 28000360
035 _a(OCoLC)1433342
040 _aDLC
_cOT
_dDLC
042 _apremarc
050 0 0 _aQE105
_b.A16 no. 55
100 1 _aAthy, Lawrence Ferdinand,
_d1898-1955.
245 1 0 _aGeology and mineral resources of the Herscher quadrangle /
_cby L. F. Athy.
260 _aUrbana :
_bPrinted by authority of the state of Illinois [Springfield, Jeffersons Printing and Stationery Co.],
_c1928.
300 _a 120 p. :
_bincl. ill., tables, diagrs. II fold. pl. (maps, 1 col.fold. tab. ;
_c26 cm.
440 0 _aIllinois State geological survey,
_vBulletin no. 55
500 _aMaps folded in pocket.
504 _aBibliographical foot-notes.
650 0 _aGeology
_zIllinois.
650 0 _aMines and mineral resources
_zIllinois.
650 0 _aGeology
_zIllinois
_xHerscher quadrangle.
740 0 _aHerscher quadrangle, Geology and mineral resources of the.
999 _c26669
_d26669